| 000 | 00643nam a2200133Ia 4500 | ||
|---|---|---|---|
| 008 | 171212s9999 xx 000 0 und d | ||
| 020 | _a9780874212556 | ||
| 100 | _aHobson, Eric | ||
| 245 |
_cHobson, Eric _aWiring The Writing Center |
||
| 260 |
_bUniversity Press of Colorado _c1998 |
||
| 650 | _aEnglish language -- Rhetoric -- Study and teaching -- Data processing; Report writing -- Study and teaching -- Data processing; English language -- Computer-assisted instruction; Report writing -- Computer-assisted instruction; Writing centers -- Automati | ||
| 650 | _aLanguage & Literature | ||
| 856 | _uwww.jstor.org/stable/10.2307/j.ctt46nzf8 | ||
| 999 |
_c353201 _d353201 |
||